| 000 | 00436nam a2200169Ia 4500 | ||
|---|---|---|---|
| 008 | 230711s9999||||xx |||||||||||||| ||und|| | ||
| 020 | _a978-93-5014-131-1 | ||
| 041 | _aENG | ||
| 082 |
_a627.52 _bSA-I |
||
| 100 | _aSahasrabudhe SR | ||
| 245 | 0 | _aIrrigation engineering and hydraulic structures | |
| 250 | _a3rd Ed. | ||
| 260 |
_c2016 _aNew Delhi _bS.K Kataria & Sons |
||
| 300 | _a982p. | ||
| 650 | _aCivil Engineering | ||
| 942 | _cBK | ||
| 999 |
_c5883 _d5883 |
||